| 000 | 00393nam a2200157 4500 | ||
|---|---|---|---|
| 020 | _a9789357324199 | ||
| 082 |
_aM4 _bSUN/M |
||
| 100 | _aSunil P Elayidom | ||
| 245 |
_aMaithriyute lokajeevitham/ _cby Sunil P Elayidom |
||
| 260 |
_aKottayam: _bD C Books, _c2023. |
||
| 300 | _a281p. | ||
| 650 | _aEssays Malayalam | ||
| 650 | _aLiterature Malayalam | ||
| 650 | _aLiterature | ||
| 942 | _cBK | ||
| 999 |
_c182054 _d182054 |
||